| Поле | Инд. | ПП | Название | Значение |
|---|---|---|---|---|
| Тип записи | a | |||
| Библиографический уровень | b | |||
| 001 | Контрольный номер | RU/IS/BASE/103648722 | ||
| 005 | Дата корректировки | 20220429110604.1 | ||
| 084 | a | Индекс другой классификации/Индекс ББК | 65.291.551 | |
| a | Индекс другой классификации/Индекс ББК | 65.291.91-21 | ||
| 100 | 1_ | a | Автор | Филин С. |
| q | Полное имя | Филин Сергей | ||
| 245 | a | Заглавие | Инновации в реальном секторе | |
| 500 | a | Примечание | Начало. Продолжение в №2, 2003 | |
| 504 | a | Библиография | Библиогр. сноски | |
| 520 | a | Аннотация | Разработка и реализация элементов стратегии инновационно-инвестиционной деятельности производственных предприятий с учетом требований современной парадигмы управления. Включены таблица и схема: Основные направления реформы предприятия. Принципиальная схема построения "дерева целей" инвестиционной стратегии предприятия. | |
| 650 | a | Основная рубрика | менеджмент (управление предприятием) | |
| a | Основная рубрика | финансы предприятия | ||
| a | Основная рубрика | экономика | ||
| a | Основная рубрика | экономика предприятия | ||
| 653 | a | Ключевые слова | инвестиционная деятельность | |
| a | Ключевые слова | инвестиционные риски | ||
| a | Ключевые слова | инвестиционный процесс | ||
| a | Ключевые слова | инновационно-инвестиционная деятельность | ||
| a | Ключевые слова | инновационные риски | ||
| a | Ключевые слова | инновационные системы | ||
| a | Ключевые слова | национальная инновационная система | ||
| a | Ключевые слова | оперативное управление | ||
| a | Ключевые слова | производственные предприятия | ||
| a | Ключевые слова | реформирование предприятий | ||
| a | Ключевые слова | Россия | ||
| a | Ключевые слова | стратегическое управление | ||
| a | Ключевые слова | стратегия инновационной деятельности | ||
| a | Ключевые слова | текущее управление | ||
| a | Ключевые слова | управление инвестиционной деятельностью | ||
| 773 | t | Заглавие источника | РИСК: ресурсы, информация, снабжение, конкуренция | |
| d | Дата издания источника | 2003 | ||
| g | Прочая информация | № 1. - С. 21 - 30 : табл., схем. | ||
| w | Контрольный № источника | RU/IS/BASE/102175616 | ||
| 901 | t | Тип документа | b |